| 000 | 00822nam a2200277Ia 4500 | ||
|---|---|---|---|
| 005 | 20210727153010.0 | ||
| 008 | 121119s2002 ck gr 000 d spa | ||
| 020 | _a958300104X | ||
| 041 | 0 | _aspa | |
| 100 | 0 |
_aSófocles _d496-406 |
|
| 245 | 1 | 0 |
_aElectra _cSófocles |
| 250 | _aCuarta reimpresión | ||
| 264 | 1 |
_aBogotá _bPanamericana _c2002 |
|
| 300 |
_a138 páginas _c21 cm. |
||
| 336 |
_atexto _btxt _2rdacontent |
||
| 337 |
_asin mediación _bn _2rdamedia |
||
| 338 |
_avolumen _bnc _2rdacarrier |
||
| 505 | 0 | _a1.Hipólito -- 2.El ciclope | |
| 650 | 1 | 4 |
_2LEMB _aTragedia griega _vColecciones |
| 650 | 1 | 4 |
_2LEMB _aLiteratura griega |
| 650 | 1 | 4 |
_2LEMB _aTeatro griego _vColecciones |
| 700 | 0 |
_aEurípides _d480-406 a. de J. C. |
|
| 942 |
_2loc _cBKLIT |
||
| 040 |
_aCO-BoRNBP _bspa _erda _cCO-BoRNBP |
||
| 084 | _aT SOF1 | ||
| 999 |
_c650 _d650 |
||